00210pam a2200097 a 4500020000500000041000500005100002000010245003700030260003700067300000800104 c h aJ.J. Roy Burman aSacred Groves Among Communities  bMittal Publicationc1ed Ed. 2003 a495